000 00786nam a2200217 a 4500
999 _c4884
_d4884
001 4884
003 BD-JhCC
005 20171204200716.0
008 171204s1974 bg |||| ||a| 000 0 ben d
035 _a(BD-JhCC)4884
040 _aBD-JhCC
_dBD-JhCC
041 _aben
082 _a891.4409
_bCHA 1974
100 _aচট্টোপাধ্যায়, সুনীলকুমার
245 _aবাংলার নবজাগরণে উইলিয়াম কেরী ও তাঁর পরিজন /
_cসুনীলকুমার চট্টোপাধ্যায়
260 _bকলিকাতা :
_aরত্না প্রকাশন,
_c1974.
300 _a182 p. :
_c22 cm.
650 _aBengali Literature
942 _2ddc
_cBK